| 000 | 00469nam a2200157 i 4500 | ||
|---|---|---|---|
| 001 | 87842 | ||
| 003 | ES-MaACL | ||
| 007 | t| | ||
| 008 | 041223s1975 sp ||||1| eng d | ||
| 100 | 1 |
_aKutz, Myer. _969090 |
|
| 245 | 1 | 0 |
_aRockefeller power / _cMyer Kutz ; versión, Marta Pesarrodona Artigas. |
| 260 |
_a[Barcelona] : _bEuros, _c[1975] |
||
| 300 |
_a290 p., 4 lám. ; _c22 cm. |
||
| 700 | 1 |
_aPesarrodona Artigas, Marta. _991425 |
|
| 852 |
_aES-MaACL _jE-7032 _bR.91470 |
||
| 999 |
_c87842 _d87842 |
||